000 00625cam a2200145 4500500
005 20260208002340.0
041 _afre
042 _adc
100 1 0 _aDigard, Jean-Pierre
_eauthor
245 0 0 _aFred Scholz Nomadism and Colonialism: A Hundred Years of Baluchistan, 1872-1972. Translated from the german by Hugh Van Skyhawk Oxford, Oxford University Press, 2002, xviii + 328 p., bibl., fig., index, fig., tabl.
260 _c2005.
500 _a79
786 0 _nL'Homme | 174 | 2 | 2005-06-01 | p. 277m-329m | 0439-4216
856 4 1 _uhttps://shs.cairn.info/revue-l-homme-2005-2-page-277m?lang=fr&redirect-ssocas=7080
999 _c1645959
_d1645959